ICT and international learning ecologies : (Record no. 32211)
[ view plain ]
| 000 -LEADER | |
|---|---|
| fixed length control field | 00929cam a22002778i 4500 |
| 001 - CONTROL NUMBER | |
| control field | 21888871 |
| 005 - DATE AND TIME OF LATEST TRANSACTION | |
| control field | 20250512100722.0 |
| 008 - FIXED-LENGTH DATA ELEMENTS--GENERAL INFORMATION | |
| fixed length control field | 210202s2021 nyu b 001 0 eng |
| 010 ## - LIBRARY OF CONGRESS CONTROL NUMBER | |
| LC control number | 2021001118 |
| 020 ## - INTERNATIONAL STANDARD BOOK NUMBER | |
| International Standard Book Number | 9780367358556 |
| 020 ## - INTERNATIONAL STANDARD BOOK NUMBER | |
| International Standard Book Number | 9780367363673 |
| 020 ## - INTERNATIONAL STANDARD BOOK NUMBER | |
| Canceled/invalid ISBN | 9780429345463 |
| 040 ## - CATALOGING SOURCE | |
| Original cataloging agency | DLC |
| Language of cataloging | eng |
| Description conventions | rda |
| Transcribing agency | DLC |
| 042 ## - AUTHENTICATION CODE | |
| Authentication code | pcc |
| 050 00 - LIBRARY OF CONGRESS CALL NUMBER | |
| Classification number | LB 1028.3 .I28 2021 |
| 245 00 - TITLE STATEMENT | |
| Title | ICT and international learning ecologies : |
| Remainder of title | representation and sustainability across contexts / |
| Statement of responsibility, etc. | edited by Ian A. Lubin. |
| 260 ## - PUBLICATION, DISTRIBUTION, ETC. (IMPRINT) | |
| Place of publication, distribution, etc. | New York, NY: |
| Name of publisher, distributor, etc. | Routledge, |
| Date of publication, distribution, etc. | 2021 |
| 263 ## - PROJECTED PUBLICATION DATE | |
| Projected publication date | 2106 |
| 300 ## - PHYSICAL DESCRIPTION | |
| Extent | xiii, 213 pages. |
| 504 ## - BIBLIOGRAPHY, ETC. NOTE | |
| Bibliography, etc | Includes bibliographical references and index. |
| 650 #0 - SUBJECT ADDED ENTRY--TOPICAL TERM | |
| Topical term or geographic name as entry element | Educational technology |
| General subdivision | Social aspects. |
| 650 #0 - SUBJECT ADDED ENTRY--TOPICAL TERM | |
| Topical term or geographic name as entry element | Education |
| General subdivision | Environmental aspects. |
| 650 #0 - SUBJECT ADDED ENTRY--TOPICAL TERM | |
| Topical term or geographic name as entry element | Education and globalization. |
| 700 1# - ADDED ENTRY--PERSONAL NAME | |
| Personal name | Lubin, Ian A., |
| Relator term | editor. |
| 942 ## - ADDED ENTRY ELEMENTS (KOHA) | |
| Source of classification or shelving scheme | |
| Koha item type | Hard Covered Materials |
| Classification part | LB 1028.3 .I28 2021 |
| Withdrawn status | Lost status | Source of classification or shelving scheme | Damaged status | Not for loan | Home library | Current library | Shelving location | Date acquired | Source of acquisition | Full call number | Barcode | Date last seen | Price effective from | Koha item type | Cost, normal purchase price | Total Checkouts |
|---|---|---|---|---|---|---|---|---|---|---|---|---|---|---|---|---|
| MACHAKOS UNIVERSITY LIBRARY | MACHAKOS UNIVERSITY LIBRARY | Open shelf | 28/02/2025 | Donation - Luban Workshop | LB 1028.3 .I28 2021 | 40092 | 25/03/2025 | 25/03/2025 | Hard Covered Materials | |||||||
| MACHAKOS UNIVERSITY LIBRARY | MACHAKOS UNIVERSITY LIBRARY | Open shelf | 04/04/2025 | Purchase - Corporate Campus | LB 1028.3 .I28 2021 | 40140 | 31/03/2025 | 12/05/2025 | Hard Covered Materials | 8095.00 |